| 000 | 01019nam a22002897i 4500 | ||
|---|---|---|---|
| 003 | EG-ScBUE | ||
| 005 | 20220721101432.0 | ||
| 008 | 200219t1983 nyuab f 000 0 eng d | ||
| 020 | _a0231056788 | ||
| 040 |
_aEG-ScBUE _beng _erda _cEG-ScBUE _dEG-ScBUE |
||
| 082 | 0 | 4 |
_a031 _222 _bCON |
| 245 | 0 | 4 |
_aThe concise Columbia encyclopedia / _cedited by Judith S. Levey and Agnes Greenhall, with the staff of the Columbia encyclopedia. |
| 264 | 1 |
_aNew York : _bColumbia University Press, _c[1983] |
|
| 264 | 4 | _cc1983 | |
| 300 |
_axv, 943 pages : _billustrations, color maps ; _c27 cm |
||
| 336 |
_2rdacontent _atext _btxt |
||
| 337 |
_2rdamedia _aunmediated _bn |
||
| 338 |
_2rdacarrier _avolume _bnc |
||
| 650 | 7 |
_aEncyclopedias and dictionaries. _2BUEsh |
|
| 653 |
_bGGEN _cJuly2022 |
||
| 655 |
_vReading book _934232 |
||
| 700 | 1 |
_aLevey, Judith S., _d1936- _eeditor. |
|
| 700 | 1 |
_aGreenhall, Agnes, _eeditor. |
|
| 730 | 0 | _aColumbia encyclopedia. | |
| 906 |
_a7 _bcbc _corignew _d1 _eocip _f19 _gy-gencatlg |
||
| 942 |
_2ddc _cBB |
||
| 999 |
_c29902 _d29873 |
||